| 000 | 00682nam a2200217 a 4500 | ||
|---|---|---|---|
| 005 | 20220623115621.0 | ||
| 008 | 040924s2003 mx r 000 0 spa d | ||
| 020 | _a9505575343 | ||
| 035 | _aUPN01000134827 | ||
| 049 | _aCG | ||
| 050 | 4 |
_aB2424 P4.5 _bM4.5 |
|
| 100 | 1 |
_aMerleau-Ponty, Maurice, _d1908-1961 |
|
| 245 | 1 | 3 |
_aEl mundo de la percepción : _bsiete conferencias / _cMaurice Merleau-Ponty ; tr. Víctor Goldstein. |
| 260 |
_aBuenos Aires : _bFCE, _c2003. |
||
| 300 | _a84 p. | ||
| 440 | 0 |
_aPopular ; _v632. _pBreves |
|
| 534 |
_pTraducción de: _tCauseries 1948 |
||
| 650 | 4 |
_aPERCEPCION (FILOSOFIA) _916666 |
|
| 650 | 7 |
_aFilosofía francesa _2 _911991 |
|
| 905 | _aLibro | ||
| 999 |
_c106978 _d106978 |
||